載入...

Khalsayute Jalasmruthi

書目詳細資料
主要作者: Asha Menon
格式: 電子書
語言:Undetermined
出版: Kottayam DC Books
主題:
LEADER 00370nam a2200133Ia 4500
008 161116s9999 xx 000 0 und d
100 |a Asha Menon 
245 |a Khalsayute Jalasmruthi 
260 |b DC Books  |a Kottayam 
650 |a Non Fiction 
650 |a Study 
942 |c EB 
999 |c 119155  |d 119155 
952 |0 0  |1 0  |4 0  |7 0  |9 115912  |a MGUL  |b MGUL  |d 2016-11-16  |l 0  |r 2016-11-16  |w 2016-11-16  |y EB